Great Triumvirate Quiz - Statistics

General Stats
  • This quiz has been taken 67 times
    14 since last reset
  • The average score is 8 of 15
Answer Stats
Question Answer % Correct
Only one of these Senators to serve a non-Southern State. Daniel Webster
86%
Ran for president three times and lost all three times Henry Clay
79%
Was notable for crafting compromises like the Compromise of 1850 Henry Clay
71%
Became Vice President John C. Calhoun
71%
Notable for arguing for states' rights to nullify federal laws John C. Calhoun
64%
Formed the Nullifier Party John C. Calhoun
64%
Delivered the "Second Reply to Hayne" speech Daniel Webster
50%
Is on the thumbnail of this quiz Daniel Webster
50%
Had a notable fictional short story about him Daniel Webster
43%
First of the three to become Secretary of State Henry Clay
43%
Served as Speaker of the House Henry Clay
43%
Was elected despite being below the constitutional age Henry Clay
36%
Died the earliest John C. Calhoun
36%
Infamously helped John Quincy Adams win the election of 1824 Henry Clay
29%
Was an alcoholic and gambler Daniel Webster
21%
No matching quizzes found
Score Distribution
Percent of People with Each Score
Percentile by Number Answered
Your Score History
You have not taken this quiz since the last reset